| 000 | 02761cam a22002294a 4500 | ||
|---|---|---|---|
| 005 | 20250605164205.0 | ||
| 008 | 250528s ||||||||||||||||||||||||d | ||
| 035 | _a19883 | ||
| 020 | _a9607306341 | ||
| 040 |
_aGR-AtMCL _bgre _dGR-AtMCL _eAACR2 |
||
| 245 | 1 | _aΛογιστική Εταιριών / Γ' 'Εκδοση | |
| 250 | _a3η | ||
| 260 |
_bΣταμούλης Α, _c2000 |
||
| 300 | _a582 | ||
| 505 | 0 | _aΠρόλογος και Εισαγωγή, Αρχές και Κανόνες της Εταιρικής Συνεργασίας, Προσωπικές Εταιρίες, Ανώνυμη Εταιρία: Α' Σύσταση και Λειτουργία, Ανώνυμη Εταιρία: Β' Μετοχικό Κεφάλαιο - Μετοχές - Ιδρυτικοί Τίτλοι, Ανώνυμη Εταιρία: Γ' Διάθεση Κέρδων - Αποθεματικά και Προβλέψεις - Λύση, Ανώνυμη Εταιρία: Δ' Περί Ομολογιακών Δανείων, Μικτές Εταιρίες: Εταιρία Περιορισμένης Ευθύνης και Ετερόρρυθμη κατά Μετοχές Εταιρία, Μετασχηματισμοί Εταιριών: Μετατροπές - Συγχωνεύσεις - Διασπάσεις, Όμιλοι Εταιριών και Ενοποιημένες Οικονομικές Καταστάσεις, Διάρθρωση του Σχεδίου Λογαριασμών Ε.Γ.Λ.Σ., Βιβλιογραφία. | |
| 520 | _aΠρόλογος και Εισαγωγή, Αρχές και Κανόνες της Εταιρικής Συνεργασίας, Προσωπικές Εταιρίες, Ανώνυμη Εταιρία: Α' Σύσταση και Λειτουργία, Ανώνυμη Εταιρία: Β' Μετοχικό Κεφάλαιο - Μετοχές - Ιδρυτικοί Τίτλοι, Ανώνυμη Εταιρία: Γ' Διάθεση Κέρδων - Αποθεματικά και Προβλέψεις - Λύση, Ανώνυμη Εταιρία: Δ' Περί Ομολογιακών Δανείων, Μικτές Εταιρίες: Εταιρία Περιορισμένης Ευθύνης και Ετερόρρυθμη κατά Μετοχές Εταιρία, Μετασχηματισμοί Εταιριών: Μετατροπές - Συγχωνεύσεις - Διασπάσεις, Όμιλοι Εταιριών και Ενοποιημένες Οικονομικές Καταστάσεις, Διάρθρωση του Σχεδίου Λογαριασμών Ε.Γ.Λ.Σ., Βιβλιογραφία. | ||
| 700 | 1 |
_aΠαπαναστασάτος Αναστάσιος Σπ _96033 |
|
| 700 | 1 |
_aΣαρσέντης Βασίλειος Ν _96034 |
|
| 942 | _cBK | ||
| 999 |
_c5126 _d5126 |
||